000 00553nam a2200169Ia 4500
005 20250411113657.0
008 231217s9999 xx 000 0 und d
020 _a9788131726891
082 _a001.6424UML QUA;6
100 _aQuatrani, Terry. Palistrant, Jim. Booch, Grady.
245 0 _aVisual modeling with IBM rational software architecture and UML
260 _c2006
_bDorling Kindersley
_aSouth Asia
300 _axxiii, 193
400 _aDeveloper works series
650 _aVisual,modeling,rational,software,architecture,UML
942 _cAA
999 _c199570
_d199570